[Event "Magnus Carlsen Invitational 2021"]
[Site "Online"]
[Date "2021.03.10"]
[Round "7.2"]
[White "Dubov, Daniil"]
[Black "So, Wesley"]
[Result "0-1"]
[WhiteElo "2770"]
[BlackElo "2741"]
[Annotator "TA"]
[PlyCount "96"]
[EventDate "2021.03.13"]
[EventType "tourn"]
[EventCountry "NET"]
[SourceTitle "playchess.com"]
[Source "ChessBase"]
[SourceQuality "1"]

{[%evp 22,96,-3,-31,0,0,0,0,0,0,0,0,0,-22,-33,-34,-29,-40,-32,-63,-23,-62,-66,-70,-60,-76,-77,-157,-137,-133,-117,-477,-464,-456,-366,-406,-322,-329,-345,-383,-197,-181,0,-369,-307,-476,-472,-494,-494,-483,-483,-393,-384,-369,-369,-12829,-12829,-2358,-2032,-1043,-562,-12837,-12838,-12838,-12839,-12839,-12837,-12837,-12836,-12837,-12837,-12837,-12837,-12837,-12836,-12830,-11601]} 1. d4 Nf6 2. c4 e6 3. Nf3 d5 4. g3 Be7 5. Bg2 O-O 6. O-O dxc4 7. Na3 Bxa3 8. bxa3 Bd7 9. Ne5 Bc6 10. Nxc6 Nxc6 11. Bb2 Nd5 12. Rc1 Nb6 {E05: Open Catalan: 5 Nf3 Be7.} 13. e3 {[#]} Qe7 $146 ({Predecessor:} 13... Qd6 14. Qc2 Rad8 15. Rfd1 f5 16. Bf1 Ne7 17. Bxc4 Nxc4 18. Qxc4 Nd5 19. Qb3 Qb6 20. a4 Qxb3 21. axb3 {½-½ (67) Mastrovasilis,A (2492)-Markidis,K (2370) Achaia 2017}) 14. Qc2 Rfe8 {The position is equal.} 15. Rfd1 Rad8 16. h4 h6 17. Rd2 Rd7 18. Qc3 {Black must now prevent d5.} Red8 19. Rcd1 f5 20. Ba1 a5 {[%cal Ba7a5,Ba5a4][%mdl 32]} 21. e4 fxe4 $1 22. Bxe4 Qf6 23. Kg2 a4 24. Re1 ({White should play} 24. Kg1) 24... Nxd4 $17 25. Bxb7 c6 {Strongly threatening ...e5.} 26. Red1 $2 {[%mdl 8192]} e5 $19 ({Inferior is} 26... Rxb7 27. Rxd4 Rxd4 28. Qxd4 $11) 27. Ba6 Kh8 28. Bxc4 Nxc4 29. Qxc4 Qf3+ {[%mdl 64] Double Attack} 30. Kh3 {[%cal Ra1d4] [#]} Qf5+ (30... Ne6 $142 $1 {[%mdl 512]} 31. Rxd7 (31. Qxe6 Rxd2) 31... Rxd7 32. Rxd7 Nf4+ 33. Qxf4 exf4 34. Bxg7+ Kh7 35. Bd4+ Kg8 36. Rd8+ Kf7) 31. Kg2 {[%cal Ra1d4]} Qf3+ $2 (31... Qe4+ 32. Kh3 Qf5+ 33. Kg2 Qf3+ 34. Kh3 g5) 32. Kh3 $1 {[%cal Ra1d4] [#]} Ne2 $1 {[%mdl 512]} 33. Rxd7 (33. Qxe2 {only move.} Qxe2 34. Rxe2 Rxd1 35. Bc3) 33... Rxd7 34. Rxd7 {Threatening mate with Rd8+.} Nf4+ $1 35. Qxf4 exf4 36. Bxg7+ {[%mdl 4096] Endgame KQ-KRB} Kh7 {aiming for ...Kg6.} 37. Bd4+ Kg8 38. Kh2 $2 (38. Rd8+ Kf7 39. Bc5) 38... fxg3+ {Black is clearly winning.} 39. fxg3 Qe2+ 40. Kg1 Qd1+ 41. Kh2 c5 42. Rg7+ Kf8 43. Bf6 Qe2+ 44. Kg1 Qe1+ 45. Kg2 Qe4+ 46. Kh2 Qf5 47. Ba1 Qf2+ {[%mdl 64] Double Attack} 48. Kh3 Qf1+ {Weighted Error Value: White=0.76/Black=0.31} 0-1

[Event "Magnus Carlsen Invitational 2021"]
[Site "Online"]
[Date "2021.03.10"]
[Round "7.3"]
[White "Nakamura, Hikaru"]
[Black "Pichot, Alan"]
[Result "1-0"]
[WhiteElo "2829"]
[BlackElo "2548"]
[Annotator "TA"]
[PlyCount "87"]
[EventDate "2021.03.13"]
[EventType "tourn"]
[EventCountry "NET"]
[SourceTitle "playchess.com"]
[Source "ChessBase"]
[SourceQuality "1"]

{[%evp 11,87,23,51,27,35,25,39,38,47,45,41,36,29,32,32,32,35,18,48,10,1,24,27,0,-26,-54,14,8,20,5,25,-12,-15,-16,-8,-10,0,0,0,0,0,0,33,-61,-47,-54,-71,-60,-49,-43,-50,0,0,0,0,-604,0,0,0,0,66,65,106,107,107,0,0,0,503,507,950,409,389,394,29995,29996,29996,29997]} 1. e4 c5 2. Nf3 e6 3. d4 cxd4 4. Nxd4 Nc6 5. Nc3 Qc7 6. Be3 a6 7. Qf3 {B48: Sicilian: Taimanov: 5 Nc3 Qc7 6 Be3 a6 without Be2.} Ne5 8. Qg3 b5 {[%cal Bb7b5,Bb5b4][%mdl 32]} 9. O-O-O {White is slightly better.} Nf6 {Black wants to play ...b4.} 10. f4 Neg4 11. Bg1 h5 12. e5 {Hoping for h3.} b4 $1 {[%cal Rb4c3]} 13. Na4 Nd5 14. h3 Nh6 15. f5 $5 {[%mdl 4] Exploring less charted territory.} Bb7 $1 16. Bd3 Be7 17. Kb1 (17. Qxg7 Rg8 $15) (17. Be4 $142) 17... h4 $11 18. Qe1 {[#]} Nf4 $146 (18... Rc8 $1 $15) ({Predecessor:} 18... Rc8 19. g4 Qa5 20. b3 Nc3+ 21. Nxc3 bxc3 22. Be3 Bxh1 23. Qxh1 Qxe5 24. Re1 O-O {1-0 (36) Perez Ponsa,F (2560)-Vazquez,G (2483) Sao Paulo 2019}) 19. Bh2 Nxd3 20. Rxd3 Qa5 (20... Bxg2 $6 21. f6 $16) 21. fxe6 (21. f6 $5 gxf6 22. exf6 Bxf6 23. b3 $15) 21... fxe6 ({Not} 21... Qxa4 22. b3 $18) 22. b3 O-O ({Of course not} 22... Bxg2 $6 23. Rg1 $16) 23. Rg1 Rac8 24. g3 Qc7 25. gxh4 Nf5 {...Nxd4 is the strong threat.} 26. Qe2 $1 Rf7 27. Bg3 (27. h5 $1 $14) 27... a5 28. Nxf5 Rxf5 29. Rd4 Rcf8 30. h5 Bc6 31. h6 Qa7 32. Bf2 Rxf2 33. Rxg7+ {[%mdl 64] [#] Double Attack} Kh8 34. Qd3 {[%csl Gg7][%cal Rd3h7]} R8f5 $1 35. Rxe7 $40 {[%mdl 128] White mounts an attack.} R2f3 ({Better is} 35... Qb8 $11 36. a3 bxa3) 36. Qc4 $1 $14 Rf1+ 37. Kb2 {Strongly threatening Re8+.} Qb8 {[#]} 38. Nc5 (38. Qc5 $1 $16) 38... Qxe5 $11 {White must now prevent ...d5.} 39. Nxe6 dxe6 $4 {[%mdl 8192]} (39... Qf6 $1 $11 {and Black is okay.} 40. Re8+ Kh7) 40. Rxe6 $18 {[%mdl 64] Double Attack} Qc7 (40... Qc5 $142 41. Rxc6 Qxc4 42. bxc4 R1f4) 41. Qxc6 (41. Rdd6 $142 a4 42. bxa4) 41... Qxc6 42. Rxc6 Rh1 $2 (42... Rf7 $18 43. Rc5 R1f5) 43. Rd8+ Kh7 44. Rd7+ {White used his chance.  Weighted Error Value: White=0.22/Black=0.44} 1-0

[Event "Magnus Carlsen Invitational 2021"]
[Site "Online"]
[Date "2021.03.10"]
[Round "7.4"]
[White "Van Foreest, Jorden"]
[Black "Radjabov, Teimour"]
[Result "1/2-1/2"]
[WhiteElo "2543"]
[BlackElo "2758"]
[Annotator "TA"]
[PlyCount "112"]
[EventDate "2021.03.13"]
[EventType "tourn"]
[EventCountry "NET"]
[SourceTitle "playchess.com"]
[Source "ChessBase"]
[SourceQuality "1"]

{[%evp 18,111,31,33,32,20,28,30,45,42,54,41,52,39,45,52,47,52,53,54,48,52,56,43,47,41,55,49,52,56,51,49,49,10,14,5,7,-8,0,0,0,0,71,-14,-16,-34,-33,-22,-20,-86,-33,-38,-58,-60,-48,-59,-52,-58,-38,-82,-89,-121,-133,-116,-98,-235,-246,-206,-230,-484,-474,-472,-472,-467,-466,-441,-385,-29973,-29974,-29974,-29975,-29975,-29976,-29984,-29977,-29977,-29978,-29977,-29978,-29976,0,0,0,0,0,0]} 1. e4 e5 2. Nf3 Nc6 3. Bb5 Nf6 4. O-O d6 5. d4 exd4 6. Nxd4 Bd7 7. Nc3 Be7 8. Re1 O-O 9. Bxc6 bxc6 10. h3 Re8 {C66: Ruy Lopez: Steinitz Defence.} 11. Bf4 Rb8 12. b3 c5 {White has an edge.} 13. Nf3 Bc6 14. e5 Nh5 15. Bh2 g6 {[#]} 16. Qd3 $146 ({Predecessor:} 16. Nd5 Bxd5 17. Qxd5 dxe5 18. Qxd8 Rbxd8 19. Bxe5 Bf6 20. Bxf6 Nxf6 21. Kf1 Kf8 22. Rad1 {½-½ (55) Nouro,M (2335)-Oim,T (2581) Finland 2010}) 16... Ng7 17. Rad1 Ne6 18. Nd5 Bxd5 19. Qxd5 {[%cal Re5d6]} Rb6 20. exd6 cxd6 21. Nd2 Qa8 $1 {[%cal Ra8d5]} 22. Nc4 Qxd5 23. Rxd5 Ra6 24. a4 {[%cal Rh2d6]} Rd8 25. Red1 {[%cal Rh2d6]} Nd4 26. Rd2 f5 27. a5 Kf7 28. b4 Ke6 29. Ne3 g5 {[#]} (29... Rb8 $11 {keeps the balance.} 30. c3 Nb5) 30. bxc5 ({White should play} 30. f4 $1 $16) 30... dxc5 $11 31. Re5+ Kf7 32. Nc4 ({Of course not} 32. Nxf5 Bf6 $17) 32... f4 33. f3 (33. Kh1 $11) 33... Ne6 (33... Rb8 $17 {aiming for ...Rb4.} 34. Rd1 Rb4) 34. Rdd5 Bf6 $36 {[%mdl 2048] Black has the initiative.} 35. Rxd8 Bxd8 36. h4 h6 37. hxg5 hxg5 38. g3 Bc7 39. Rf5+ Kg6 40. g4 Bxa5 41. Kg2 (41. Ne5+ $17 Kg7 42. Kg2) 41... Bc3 $19 42. Bg1 Ra2 43. Ne5+ $2 (43. Bxc5 {keeps fighting.} Rxc2+ 44. Kh3) 43... Bxe5 44. Rxe5 Rxc2+ {[%mdl 4096] Endgame KRB-KRN} 45. Kh3 Kf6 46. Bd4 Ke7 ({Weaker is} 46... cxd4 47. Rxe6+ Kf7 48. Re7+ Kf6 49. Re6+ Kf7 50. Re7+ Kf6 51. Re6+ $11) 47. Rd5 $2 {[#]} (47. Re1 $19) 47... cxd4 {KRN-KR} 48. Rd7+ Kf6 49. Rf7+ Ke5 50. Rf5+ Kd6 51. Rd5+ Kc7 52. Rd7+ Kb6 53. Rb7+ Ka5 $2 (53... Kc5 {mates} 54. Rb5+ Kc4 55. Re5 Nc7 56. Ra5 Kd3 57. Ra1 Ke2 58. Re1+ Kxf3 59. Rd1 Rc6 60. Rf1+ Ke2 61. Rg1 Rh6+ 62. Kg2 d3 63. Rb1 d2 64. Rb2 Nd5 65. Kg1 Ne3 66. Ra2 Nxg4 67. Kg2 Rh2+ 68. Kg1 f3 69. Rxd2+ Kxd2 70. Kf1 Rh1#) 54. Rb5+ $1 $11 {The position is equal.} Ka4 55. Rb4+ $1 Ka3 {( -> ...Rh2+!)} 56. Rb3+ $1 Kxb3 {Weighted Error Value: White=0.31/Black=0.06} 1/2-1/2

[Event "Magnus Carlsen Invitational 2021"]
[Site "Online"]
[Date "2021.03.10"]
[Round "7.5"]
[White "Vachier-Lagrave, Maxime"]
[Black "Karjakin, Sergey"]
[Result "1/2-1/2"]
[WhiteElo "2860"]
[BlackElo "2709"]
[Annotator "TA"]
[PlyCount "74"]
[EventDate "2021.03.13"]
[EventType "tourn"]
[EventCountry "NET"]
[SourceTitle "playchess.com"]
[Source "ChessBase"]
[SourceQuality "1"]

{[%evp 9,74,-7,14,24,35,32,40,-22,-23,-17,-12,-20,-22,-25,-18,-43,-41,-30,-33,-32,-26,-27,-25,-44,-4,-1,0,0,0,-10,-10,0,0,-5,0,0,0,7,16,0,0,0,29,0,0,0,0,0,0,0,0,0,0,-20,0,0,0,0,0,0,0,0,0,0,0,0,0]} 1. d4 Nf6 2. Bf4 d5 3. e3 c5 4. c3 Nc6 5. Nd2 Qb6 6. Qb3 {D00: 1 d4 d5: Unusual lines.} c4 7. Qc2 g6 8. Ne2 ({Better is} 8. e4 $14) 8... Bf5 $11 9. Qc1 Bd3 10. Ng3 Bxf1 11. Kxf1 {[#]} h5 $146 ({Predecessor:} 11... e5 12. Bxe5 Nxe5 13. dxe5 Nd7 14. Nf3 Bg7 15. Qd2 O-O-O 16. Ne2 Nxe5 17. Nxe5 Bxe5 {½-½ (57) Wisham,C (1905)-Klykow,L (1894) LSS email 2009}) 12. h4 Bg7 13. b3 cxb3 14. axb3 O-O 15. Ne2 Rac8 16. Qb1 Rfe8 17. g3 e5 18. dxe5 Nxe5 19. Kg2 a6 20. Rc1 Ned7 21. b4 Ne5 (21... Ng4 {feels hotter.} 22. Ra2 Nde5 23. Nb3 Nc4 24. Nc5 Qc6) 22. Bxe5 Rxe5 23. Qd3 Re7 24. Nf4 Rec7 25. Nf3 Rc4 26. Ra5 ({Don't play} 26. Nxd5 Nxd5 27. Qxd5 Bxc3 $11) (26. Ne5 {seems wilder.} R4c7 27. Ra5 Qd6 28. Nf3 Rd7 29. Rca1) 26... Qc7 {The position is equal.} 27. Nxd5 Nxd5 28. Rxd5 Rxc3 29. Rxc3 Qxc3 30. Qe4 Qc6 31. Ne1 Re8 32. Qf3 Bc3 33. Nd3 b6 34. Nf4 Be5 35. Nd3 Bc3 36. Nf4 Be5 37. Nd3 Bc3 {Weighted Error Value: White=0.08/Black=0.05} 1/2-1/2

[Event "Magnus Carlsen Invitational 2021"]
[Site "Online"]
[Date "2021.03.10"]
[Round "7.6"]
[White "Firouzja, Alireza"]
[Black "Nepomniachtchi, Ian"]
[Result "1/2-1/2"]
[WhiteElo "2703"]
[BlackElo "2778"]
[Annotator "TA"]
[PlyCount "76"]
[EventDate "2021.03.13"]
[EventType "tourn"]
[EventCountry "NET"]
[SourceTitle "playchess.com"]
[Source "ChessBase"]
[SourceQuality "1"]

{[%evp 9,76,21,20,21,25,22,35,29,28,27,30,34,35,13,11,-34,-41,-62,-56,-58,-63,-56,-72,-81,-48,-52,-29,-67,-37,-50,-38,-68,-58,-125,-115,-138,-133,-131,-95,-100,-48,-69,20,27,25,21,60,52,52,52,55,39,46,43,63,0,0,5,5,0,0,0,0,0,0,0,0,0,0]} 1. d4 Nf6 2. Bf4 c5 3. d5 d6 4. Nc3 a6 5. a4 e5 6. Bg5 {A45: Trompowsky Attack.} Be7 7. Nf3 e4 8. Bxf6 {White is slightly better.} exf3 9. Bxe7 (9. Bxg7 $2 fxg2 10. Rg1 (10. Bxg2 $2 Rg8 $19) 10... gxf1=Q+ $19) 9... fxg2 10. Bxg2 Qxe7 {[#]} 11. Qd3 $146 ({Predecessor:} 11. O-O Nd7 12. f4 Qe3+ 13. Kh1 Nf6 14. Qc1 Qe7 15. e4 Ng4 16. Qe1 O-O 17. a5 {½-½ (58) Burmeister,F (2270)-Khorunzhy,M (2213) ICCF email 2017}) 11... Nd7 {[%cal Bb8d7,Bd7e5,Be5g4,Bg4h6,Bh6f5,Bf5d4,Bd4c2,Bc2b4][%mdl 32]} 12. Qg3 O-O 13. Ne4 Ne5 14. f4 Ng4 15. h3 Nh6 16. O-O Nf5 17. Qf2 Re8 18. Ra3 Nd4 19. e3 {[#]} Nxc2 20. Rc3 (20. Nxd6 Nxa3) 20... Nb4 $1 {[%cal Rb4d5]} 21. Ng3 (21. f5 $1 $15) 21... f5 $17 22. e4 fxe4 23. Bxe4 Qh4 (23... Bxh3 $6 24. Qh2 $11) 24. f5 Bd7 (24... Rxe4 $6 25. Nxe4 Qxe4 26. Re1 $14) (24... Qxh3 $2 25. f6 $18) (24... Re5 $17 25. Bg2 Bd7) 25. f6 $15 {f7+ would kill now.} Qxf6 (25... Rxe4 26. Nxe4 Qxe4 27. fxg7 $16) (25... Rf8 $1 $15 26. f7+ Kh8) 26. Qxf6 $11 gxf6 27. Rxf6 Rad8 (27... Bxh3 $6 28. Rxd6 Rad8 29. Rh6 $16) 28. Rh6 Re7 ({Not} 28... Bxa4 $2 29. Bxh7+ Kf7 30. Bg6+ Ke7 31. Nf5+ Kd7 32. Bxe8+ Rxe8 33. Rh7+ Kd8 34. Nxd6 $18) 29. Rxd6 Rf8 30. Rxc5 {And now Rc7 would win.} Bxa4 31. Rc4 Rg7 32. Rxb4 (32. Kh2 $14 Rf2+ 33. Bg2 Nxd5 34. Rd8+ (34. Rxa4 Ne3 $16) (34. Rxd5 Bc6 $11) 34... Kf7 35. Rxa4) 32... Rxg3+ {[%mdl 64] [#] Double Attack. The position is equal.} 33. Kh2 Rg7 34. Rxa4 Rf2+ {[%mdl 64] Double Attack} 35. Kh1 {Rd8+ is the strong threat.} Rf1+ 36. Kh2 Rf2+ {[%mdl 64] Double Attack} 37. Kh1 {Strongly threatening Rd8+.} Rf1+ 38. Kh2 {Black must now prevent Rd8+.} Rf2+ {[%mdl 64] Double Attack.  Weighted Error Value: White=0.11/Black=0.11} 1/2-1/2

[Event "Magnus Carlsen Invitational 2021"]
[Site "Online"]
[Date "2021.03.10"]
[Round "7.7"]
[White "Carlsen, Magnus"]
[Black "Mamedyarov, Shakhriyar"]
[Result "1-0"]
[WhiteElo "2881"]
[BlackElo "2761"]
[Annotator "TA"]
[PlyCount "53"]
[EventDate "2021.03.13"]
[EventType "tourn"]
[EventCountry "NET"]
[SourceTitle "playchess.com"]
[Source "ChessBase"]
[SourceQuality "1"]

{[%evp 12,53,10,10,-1,-13,-14,-50,-45,-57,-62,-74,-70,-68,-75,-89,0,-40,-35,-35,-30,-50,-47,-47,0,-6,13,14,58,61,54,49,62,71,139,107,107,107,520,517,722,718,702,699]} 1. e4 c5 2. Nf3 e6 3. d4 cxd4 4. Nxd4 Nf6 5. Nc3 Nc6 6. a3 Be7 {6...Be7 scores better than 6...d5.} 7. f4 O-O {B45: Sicilian Four Knights.} 8. e5 Nd5 9. Nxd5 exd5 {[#] Black is slightly better.} 10. Nxc6 $146 ({Predecessor:} 10. Nf3 d6 11. exd6 Bxd6 12. Bd3 Re8+ 13. Kf2 Bc5+ 14. Kg3 Qf6 15. Rf1 Bf5 16. Bxf5 Qxf5 {0-1 (39) Lanc,A (2393)-Pacher,M (2357) Slovakia 2009}) 10... bxc6 11. Bd3 Bc5 12. Qf3 d6 13. Be3 Rb8 ({Better is} 13... Bxe3 $17 14. Qxe3 Re8) 14. b4 Bxe3 15. Qxe3 a5 16. O-O axb4 17. axb4 dxe5 18. fxe5 $40 {[%mdl 128] White mounts an attack.} Rxb4 19. Ra8 {[#] Bf5 is the strong threat.} g6 20. e6 $1 {[%cal Re6e7]} fxe6 21. Rxf8+ Qxf8 22. g3 {And now Ba6 would win.} Rb1+ (22... e5 $142 23. Qe1 Rb2) 23. Kg2 $16 e5 {[#] White must now prevent ...e4.} 24. g4 $1 {aiming for Ba6.} e4 $2 {[%mdl 8192]} (24... Rb4 $16) 25. Ba6 $18 {White is clearly winning.} Bxa6 26. Rxf8+ Kxf8 27. Qa3+ {[%mdl 64] Double Attack.  Weighted Error Value: White=0.06/Black=0.62} 1-0

[Event "Magnus Carlsen Invitational 2021"]
[Site "Online"]
[Date "2021.03.10"]
[Round "7.8"]
[White "Anton Guijarro, David"]
[Black "Grandelius, Nils"]
[Result "0-1"]
[WhiteElo "2674"]
[BlackElo "2632"]
[Annotator "TA"]
[PlyCount "64"]
[EventDate "2021.03.13"]
[EventType "tourn"]
[EventCountry "NET"]
[SourceTitle "playchess.com"]
[Source "ChessBase"]
[SourceQuality "1"]

{[%evp 10,64,20,18,25,6,13,15,14,20,25,27,25,0,0,0,0,0,0,0,71,78,81,75,67,76,65,9,3,-12,-8,-23,-16,-23,-21,-18,-22,-27,-14,-37,-27,-60,-19,-39,0,-25,-12,-6,-6,-10,0,0,15,-316,-297,-629,-616]} 1. d4 Nf6 2. c4 g6 3. Nf3 Bg7 4. e3 O-O 5. Be2 d6 6. Nc3 Bf5 {E61: King's Indian: Early deviations for White, including Smyslov System.} 7. O-O Ne4 8. Nxe4 Bxe4 {The position is equal.} 9. Nd2 Bf5 {[#]} 10. b4 $146 ({Predecessor:} 10. e4 Bd7 11. Nb3 e5 12. d5 f5 13. f3 Qh4 14. Be3 fxe4 15. Bf2 Qf4 16. fxe4 Qxe4 {0-1 (56) Literski,K-Mierska,A (1818) Gdansk 2006}) 10... e5 11. Nb3 exd4 12. exd4 c5 13. bxc5 dxc5 14. Ba3 Na6 (14... Nc6 $11 {keeps the balance.} 15. Bxc5 Re8) 15. Bf3 $16 Qc7 16. Nxc5 Nxc5 17. Bxc5 Rfd8 18. Bd5 ({White should try} 18. Re1 $14) 18... Be6 $11 19. Bxe6 fxe6 20. Qe2 e5 21. Ba3 exd4 22. Qd3 Rac8 23. Rac1 Qf7 24. g3 Rd7 25. Rc2 Rdc7 {[%cal Rc7c4]} (25... Qf5 $5 {[%cal Rf5d3]} 26. Qb3 Re8 $15) 26. Rfc1 Bh6 27. f4 Bg7 28. Bd6 Rd7 $36 {[%mdl 2048] Black fights for an advantage.} 29. c5 Qd5 30. Re1 b6 31. Qa6 $2 {[%mdl 8192] [#]} (31. cxb6 $11 {and White is okay.} Ra8 32. Bb4) 31... Rdd8 $1 $19 {And now ...d3 would win.} 32. Qc4 {[#]} (32. Rd2 bxc5 33. Be5) 32... Rxd6 $1 {[%mdl 576] Pin.  Weighted Error Value: White=0.39/Black=0.11} 0-1

[Event "Magnus Carlsen Invitational 2021"]
[Site "Online"]
[Date "2021.03.10"]
[Round "8.1"]
[White "Giri, Anish"]
[Black "Grandelius, Nils"]
[Result "1/2-1/2"]
[WhiteElo "2731"]
[BlackElo "2632"]
[Annotator "RC"]
[PlyCount "91"]
[EventDate "2021.03.13"]
[EventType "tourn"]
[EventCountry "NET"]
[SourceTitle "playchess.com"]
[Source "ChessBase"]
[SourceQuality "1"]
[TimeControl "900+10"]

1. Nf3 {[%emt 0:00:00]} c5 {[%emt 0:00:00]} 2. e4 {[%emt 0:00:00]} d6 {[%emt 0:00:00]} 3. d4 {[%emt 0:00:00]} cxd4 {[%emt 0:00:00]} 4. Nxd4 {[%emt 0:00:00]} Nf6 {[%emt 0:00:00]} 5. Nc3 {[%emt 0:00:00]} a6 {[%emt 0:00:00]} 6. a4 {[%emt 0:00:00]} g6 {[%emt 0:00:09]} 7. Be2 {[%emt 0:00:13]} Bg7 {[%emt 0:00:03]} 8. O-O {[%emt 0:00:02]} O-O {[%emt 0:00:01]} 9. Be3 {[%emt 0:00:01]} Nc6 {[%emt 0:00:15]} 10. Qd2 {[%emt 0:00:02]} Rb8 {[%emt 0:00:23]} 11. Rfb1 {[%emt 0:01:09]} Ng4 {[%emt 0:01:01]} 12. Bxg4 {[%emt 0:00:07]} Bxg4 {[%emt 0:00:00]} 13. Nd5 {[%emt 0:00:07]} Bd7 {[%emt 0:03:06]} 14. a5 {[%emt 0:00:50]} Ne5 {[%emt 0:01:38]} 15. Bg5 {[%emt 0:01:42]} Re8 {[%emt 0:01:51]} 16. b3 {[%emt 0:01:23]} Ng4 {[%emt 0:02:33]} 17. Re1 {[%emt 0:01:04]} h6 {[%emt 0:00:41]} 18. Bh4 {[%emt 0:00:03]} Bc6 {[%emt 0:03:30]} 19. h3 {[%emt 0:01:11]} Nf6 {[%emt 0:00:07]} 20. c4 {[%emt 0:04:01]} Nh5 {[%emt 0:00:05]} 21. f3 {[%emt 0:01:14]} g5 {[%emt 0:00:07]} 22. Bf2 {[%emt 0:00:10]} e6 {[%emt 0:00:05]} 23. Nb6 {[%emt 0:00:26]} Be5 {[%emt 0:00:58]} 24. Rad1 {[%emt 0:00:03]} Qe7 {[%emt 0:01:01]} 25. Ne2 {[%emt 0:00:33]} Red8 {[%emt 0:00:36]} 26. Bd4 {[%emt 0:00:02]} Nf4 {[%emt 0:00:06]} 27. b4 {[%emt 0:01:37]} Kh7 {[%emt 0:00:09]} 28. Qb2 {[%emt 0:00:56]} Qf6 {[%emt 0:00:22]} 29. Nxf4 {[%emt 0:00:11]} gxf4 {[%emt 0:00:23]} 30. Bxe5 {[%emt 0:00:18]} dxe5 {[%emt 0:00:10]} 31. b5 {[%emt 0:00:02]} Be8 {[%emt 0:00:03]} 32. bxa6 {[%emt 0:00:13]} bxa6 {[%emt 0:00:02]} 33. c5 {[%emt 0:00:12]} Bb5 {[%emt 0:00:11]} 34. Qc2 {[%emt 0:00:03]} Rxd1 {[%emt 0:00:26]} 35. Rxd1 {[%emt 0:00:02]} Rd8 {[%emt 0:00:02]} 36. Rd6 {[%emt 0:00:15]} Qh4 {[%emt 0:00:16]} 37. Qf2 {[%emt 0:00:36]} Qf6 {[%emt 0:00:38]} 38. Qd2 {[%emt 0:01:00]} Rg8 {[%emt 0:00:02]} 39. c6 {[%emt 0:00:06]} Qe7 {[%emt 0:00:03]} 40. Nd7 {[%emt 0:00:19]} Qg5 {[%emt 0:00:26]} 41. Qb2 {[%emt 0:01:07]} Qh4 {[%emt 0:00:08]} 42. Qf2 {[%emt 0:00:07]} Qe7 {[%emt 0:00:05]} 43. Qd2 {[%emt 0:00:06]} Qg5 {[%emt 0:00:11]} 44. Qb2 {[%emt 0:00:32]} Qh4 {[%emt 0:00:01]} 45. Qf2 {[%emt 0:00:01]} Qe7 {[%emt 0:00:01]} 46. Qd2 {[%emt 0:00:05]} 1/2-1/2

[Event "Magnus Carlsen Invitational 2021"]
[Site "Online"]
[Date "2021.03.10"]
[Round "8.2"]
[White "Mamedyarov, Shakhriyar"]
[Black "Anton Guijarro, David"]
[Result "0-1"]
[WhiteElo "2761"]
[BlackElo "2674"]
[Annotator "TA"]
[PlyCount "88"]
[EventDate "2021.03.13"]
[EventType "tourn"]
[EventCountry "NET"]
[SourceTitle "playchess.com"]
[Source "ChessBase"]
[SourceQuality "1"]

{[%evp 14,88,14,0,0,-23,0,-22,-23,-30,-29,-32,-5,-14,0,-37,0,0,0,0,0,0,0,-31,-22,-33,0,0,0,0,20,18,19,-14,-3,-13,-13,-8,-20,-12,0,0,0,-56,-76,-112,-104,-89,-106,-101,-86,-171,-176,-191,-173,-191,-189,-200,-196,-198,-189,-191,-186,-187,-96,-147,-112,-337,-315,-471,-475,-466,-427,-420,-387,-404,-363]} 1. e4 c5 2. c3 Nf6 3. e5 Nd5 4. Bc4 Nb6 5. Bb3 Nc6 6. d4 cxd4 7. cxd4 d5 8. Nc3 {8.Bc2 might become the main line.} Bf5 {[#] B22: Sicilian: 2 c3.} 9. h4 $146 ({Predecessor:} 9. Nge2 e6 10. Ng3 Bg6 11. h4 h5 12. Bg5 Be7 13. Bxe7 Qxe7 14. Nce2 Rc8 15. Rc1 Qb4+ 16. Qd2 Qxd2+ 17. Kxd2 {1-0 (30) Nguyen,N (2641)-Sadykov,R (2345) chess.com INT 2020}) 9... h5 10. Bg5 f6 {The position is equal.} 11. exf6 gxf6 12. Be3 e6 13. Nge2 Bd6 14. Nf4 Kf7 15. Nxh5 Qg8 16. Qf3 {[%cal Rc3d5]} Qg4 17. Qxg4 Bxg4 18. Ng3 Rag8 19. Rc1 a6 20. Kf1 Bxg3 21. fxg3 Bf5 22. Ne2 Bd3 23. Rd1 Bxe2+ 24. Kxe2 Rxg3 25. Kf2 Rhg8 26. Rh2 R3g4 27. h5 Na5 28. Bc2 (28. Rc1 $11 Nac4 29. h6) 28... Nbc4 $1 $15 29. Bg6+ Ke7 30. Bc1 Nc6 31. b3 Nd6 32. Be3 {[#]} (32. Bb1 $17 {was necessary.}) 32... f5 $1 $19 33. Rh3 {[#]} Ne4+ $1 34. Kg1 Kf6 35. Rf1 Rh8 36. Kh2 Rc8 37. Rc1 Rg8 38. Rf1 Nd6 (38... Ng5 $19 39. Bxg5+ Rxg5) 39. Bf4 (39. Rg3 $142 Rxg3 40. Kxg3) 39... Nb5 40. Bc1 $2 {White does not recover from this.} (40. Rg3 $17 Rxg3 41. Kxg3) 40... Ne7 ({Not} 40... Ncxd4 41. Bb2 $17) 41. a4 (41. Bb2 $142) 41... Nxd4 42. Bb2 Nxg6 43. hxg6 R8xg6 44. g3 Re4 {Weighted Error Value: White=0.25/Black=0.10} 0-1